000 00399nam a22001577a 4500
005 20180209131843.0
008 160427b xxu||||| |||| 00| 0 eng d
020 _a81-7635-761-8
041 _aeng
082 _b00286
_a006.7
100 _aArmstrong, Jay and dehaan jen
_94141
245 _aMacromedia Flash 8: A Tutorial Guide
260 _aNew Delhi
_bTechmedia,
_c2006
300 _a290
942 _cBK
999 _c96
_d96